000 01104nam a22001937a 4500
003 BR-ViAPE
005 20260602124040.0
008 260602s1895 por gs|||| 000 0 por d
040 _cBR-ViAPE
245 _aBollettino del Ministero degli Affari Esteri:
_bBrasile: lo Stato di Espirito Santo e l'immigrazione italiana: rapporto del Cav. Carlo Nagar, R. console in Victoria
246 _aBoletim do Ministério das Relações Exteriores: Brasil:
_bBrasil: O Estado do Espírito Santo e a Imigração Italiana: Relatório do Cav. Carlo Nagar, Cônsul Real em Vitória
260 _aRoma
_bTip. dell'Unione Cooperativa Editrice
_c1895
300 _a67 p.
_bDocumento digitalizado (PDF)
500 _aDocumento digitalizado do acervo institucional do Arquivo Público do Estado do Espírito Santo - APEES.
650 _aImigração italiana
_zEspírito Santo (Brasil)
651 _aEspírito Santo (Brasil)
856 _uhttps://ape.es.gov.br/Media/ape/PDF/Livros/Livros_Historicos/Obras_raras/seculo_XIX/APEES_OR_bollettino_del_1895.pdf
_yCLIQUE AQUI PARA ACESSAR O DOCUMENTO
942 _2ddc
_cOBRAS_RARA
_n1
999 _c756
_d756